| 000 | 00684nam a22002057a 4500 | ||
|---|---|---|---|
| 003 | 0 | ||
| 005 | 20250124124332.0 | ||
| 008 | 250124b xxu||||| |||| 00| 0 eng d | ||
| 020 | _a978-1-394-17410-2 | ||
| 050 |
_aQA 76.9 _b.C66 2023 |
||
| 245 |
_aConvergence _bartificial intelligence and quantum computing _cedited by Greg Viggiano |
||
| 260 |
_aNew Jersey _bJohn Wiley & Sons _c2023 |
||
| 300 |
_axlviii, 272 pages ; _c24cm. |
||
| 504 | _aIncludes bibliographical references and index. | ||
| 650 | _aArtificial intelligence. | ||
| 650 | _aQuantum computing. | ||
| 650 | _aQuantum computing—Applications | ||
| 650 | _aMachine learning—Quantum aspects. | ||
| 942 |
_2lcc _cBK |
||
| 999 |
_c367053 _d367053 |
||